000 00751cab a2200193 4500
001 L136562
008 070207n2007 000 0 eng u
035 _a(Sirsi) u136562
041 0 _aeng
110 2 _aInvestment Property Databank
_92288
245 0 0 _aIPD/SCS Ireland Index
260 _c2007
520 _aReport on property performance by sector shows a strong return from property with increased capital growth. Graphs show overall property performance, performance by sector and sector returns history.
590 _aKA
651 4 _aIRELAND
690 _aPROPERTY-COMMERCIAL PROPERTY-COMMERCIAL PROPERTY FINANCE AND INVESTMENT
856 4 0 _uhttps://www.ipdglobal.com
_zView the item free of charge at www.ipdglobal.com...
942 _n0
999 _c78346
_d78346